000
00251nam a2200097Ia 4500
001
808764
005
20250826171256.0
008
250824s9999 xx 000 0 und d
245
0
_a
NİHON JA İMPARATORU
_c
JOHN FLANAGAN
260
_b
BEYAZ BALİNA YAYINLARI
999
_c
808764
_d
808764